Riven by lust ; (Record no. 38804)

MARC details
000 -LEADER
fixed length control field 00888nam a22002417a 4500
005 - DATE AND TIME OF LATEST TRANSACTION
control field 2010080205235.0
010 ## - LCCN (DPL NO)
LC control number ENG-97729
020 ## - INTERNATIONAL STANDARD BOOK NUMBER
International Standard Book Number 9788121512039
Terms of availability 995.00
035 ## - SYSTEM CONTROL NUMBER
System control number EN-81262
037 ## - SOURCE OF ACQUISITION
Source of stock number/acquisition DBAD/PUB
082 ## - DEWEY DECIMAL CLASSIFICATION NUMBER
Classification number 254.3563
100 ## - MAIN ENTRY--PERSONAL NAME
Personal name Silk, Jonathan A.
245 ## - TITLE STATEMENT
Title Riven by lust ;
Statement of responsibility, etc by Jonathan A. Silk
Remainder of title incest and schism in Indian buddhist legend and historiography /
260 ## - PUBLICATION, DISTRIBUTION, ETC. (IMPRINT)
Place of publication, distribution, etc New Delhi
Date of publication, distribution, etc 2009
Name of publisher, distributor, etc Munshiram Manoharlal Publishers
270 ## - ADDRESS
Address PO Box 5715, 54 Rani Jhansi Road
City New Delhi
Postal code 110055
300 ## - PHYSICAL DESCRIPTION
Extent xviii, 347 p.
Dimensions 26cm (Hb)
500 ## - GENERAL NOTE
General note Includes index
650 ## - SUBJECT ADDED ENTRY--TOPICAL TERM
Topical term or geographic name as entry element Budhist literature
650 ## - SUBJECT ADDED ENTRY--TOPICAL TERM
Topical term or geographic name as entry element Buddhism
Geographic subdivision India
700 ## - ADDED ENTRY--PERSONAL NAME
9 (RLIN) 4162
942 ## - ADDED ENTRY ELEMENTS (KOHA)
Source of classification or shelving scheme Dewey Decimal Classification
Item type English Books
Classification part 254.3563
Call number suffix SIL
Holdings
Withdrawn status Lost status Not for loan Collection code Home library Current library Date acquired Cost, normal purchase price Full call number Barcode Copy number Cost, replacement price Koha item type
    Not For Loan Non-fiction D.B.Act.Division D.B.Act.Division 02/08/2010 995.00 254.3563 SIL EN-81262 1 995.00 English Books

© Delhi Public Library
Hit Counter
free hit counter